000 00575cam a22002291 4500
001 sa 66000918
003 DLC
005 20260227112218.0
008 890514s1962 xx 000 0 urdo
010 _asa 66000918
035 _a(OCoLC)23542589
040 _aDLC
_cMiU
_dDLC
042 _apremarc
050 0 0 _aBP136.8
_b.N3
100 1 _aNadvī, Jalīl Aḥsan.
245 1 0 _aRāh-i ʻamal.
260 _c[1962]
300 _a453 p.
_c19 cm.
500 _aRomanized.
650 0 _aHadith
_xCriticism, interpretation, etc.
700 0 _aMuḥammad,
_cProphet,
_d-632.
999 _c67504
_d67504